<?xml version="1.0" encoding="UTF-8"?><?xml-stylesheet type="text/xsl" href="static/style.xsl"?><OAI-PMH xmlns="http://www.openarchives.org/OAI/2.0/" xmlns:xsi="http://www.w3.org/2001/XMLSchema-instance" xsi:schemaLocation="http://www.openarchives.org/OAI/2.0/ http://www.openarchives.org/OAI/2.0/OAI-PMH.xsd"><responseDate>2026-04-13T04:00:18Z</responseDate><request verb="GetRecord" identifier="oai:www.recercat.cat:10256/18950" metadataPrefix="marc">https://recercat.cat/oai/request</request><GetRecord><record><header><identifier>oai:recercat.cat:10256/18950</identifier><datestamp>2024-05-22T11:26:35Z</datestamp><setSpec>com_2072_452966</setSpec><setSpec>com_2072_2054</setSpec><setSpec>col_2072_452968</setSpec></header><metadata><record xmlns="http://www.loc.gov/MARC21/slim" xmlns:dcterms="http://purl.org/dc/terms/" xmlns:xsi="http://www.w3.org/2001/XMLSchema-instance" xmlns:doc="http://www.lyncode.com/xoai" xsi:schemaLocation="http://www.loc.gov/MARC21/slim http://www.loc.gov/standards/marcxml/schema/MARC21slim.xsd">
   <leader>00925njm 22002777a 4500</leader>
   <datafield ind2=" " ind1=" " tag="042">
      <subfield code="a">dc</subfield>
   </datafield>
   <datafield ind2=" " ind1=" " tag="720">
      <subfield code="a">Campàs Camps, Miquel</subfield>
      <subfield code="e">author</subfield>
   </datafield>
   <datafield ind2=" " ind1=" " tag="260">
      <subfield code="c">2020-11</subfield>
   </datafield>
   <datafield ind2=" " ind1=" " tag="520">
      <subfield code="a">Aquest treball pretén analitzar les diferents modalitats de regulacions de l’escalada a Catalunya. Fer una recerca de les principals regulacions catalanes i analitzar els problemes que han tingut i els avantatges, per poder-ho aplicar en una proposta de regulació de l’escalada a l’Alta Garrotxa. &#xd;
Identificar les necessitats i reptes en relació a la gestió i la regulació de l’escalada que presenta l’EIN de l’Alta Garrotxa i el seu ens de gestió: el Consorci de l’Alta Garrotxa. &#xd;
Estudiar l’evolució de l’escalada a la zona de Sadernes i avaluar l’estat ambiental en què es troba la zona. &#xd;
Valorar els problemes socials de l’escalada a Sadernes&#xd;
i sobretot, presentar les bases per una proposta de gestió i regulació de l’escalada a l’EIN de l’Alta Garrotxa</subfield>
   </datafield>
   <datafield ind1="8" ind2=" " tag="024">
      <subfield code="a">http://hdl.handle.net/10256/18950</subfield>
   </datafield>
   <datafield tag="653" ind2=" " ind1=" ">
      <subfield code="a">Rock climbing</subfield>
   </datafield>
   <datafield tag="653" ind2=" " ind1=" ">
      <subfield code="a">Escalada</subfield>
   </datafield>
   <datafield tag="653" ind2=" " ind1=" ">
      <subfield code="a">Alta Garrotxa (Catalunya)</subfield>
   </datafield>
   <datafield tag="653" ind2=" " ind1=" ">
      <subfield code="a">Alta Garrotxa (Catalonia)</subfield>
   </datafield>
   <datafield tag="653" ind2=" " ind1=" ">
      <subfield code="a">Environmental impact analysis</subfield>
   </datafield>
   <datafield tag="653" ind2=" " ind1=" ">
      <subfield code="a">Medi ambient -- Anàlisi d'impacte</subfield>
   </datafield>
   <datafield ind2="0" ind1="0" tag="245">
      <subfield code="a">Impacte socioambiental de l'activitat de l'escalada a la zona de Sadernes, a l'EIN de l'Alta Garrotxa</subfield>
   </datafield>
</record></metadata></record></GetRecord></OAI-PMH>